| 000 | 01565nam a2200349 a 4500 | ||
|---|---|---|---|
| 001 | |||
| 003 | DO-SdBNP | ||
| 005 | 20220208095144.0 | ||
| 008 | 130422s2012 dr 000 0 spa d | ||
| 020 | _a9789945074697 | ||
| 040 |
_aDO-SdBNP _bspa _cBPMSU |
||
| 082 |
_a327.4207293 _bM375c 2012 _222 |
||
| 100 | 1 | _aMarte, Roberto | |
| 245 | 1 | 0 |
_aCorrespondencia consular inglesa sobre la anexión de Santo Domingo a España / _cRoberto Marte. |
| 260 |
_aSanto Domingo : _bArchivo General de la Nación, _c2012. |
||
| 300 |
_a348 p. ; _c25 cm. |
||
| 490 | 0 |
_aArchivo General de la Nación ; _v176 |
|
| 500 | _aIncluye índice | ||
| 504 | _aIncluye referencias bibliográficas y notas al pie de páginas. | ||
| 505 | 0 |
_gIntroducción -- _tCorrespondencia del Consulado inglés en Santo Domingo 1861-1864 -- _tPapeles relativos a la anexión de la parte este de Santo Domingo a España presentados a la Cámaras de los Comunes por orden de su Majestad -- _gIncluye índice onomástico. |
|
| 590 | _aInventariado, 2022/VM | ||
| 650 | _a | ||
| 651 | 4 |
_aRepública Dominicana _xHistoria diplomática _vFuentes . |
|
| 651 | 4 |
_aRepública Dominicana _xRelaciones exteriores. |
|
| 651 | 4 |
_aEspaña _xRelaciones exteriores. |
|
| 651 | 4 |
_aRepública Dominicana _xServicio diplomático y consular _xHistoria |
|
| 651 | 4 |
_aInglaterra _xServicio diplomático y consular _xHistoria |
|
| 651 | 4 |
_aRepública Dominicana _xHistoria _yAnexión a España, 1861-1865 |
|
| 710 | 2 | _aArchivo General de la Nación (República Dominicana) | |
| 910 | _aVMateoV. | ||
| 942 |
_2ddc _cBK |
||
| 999 |
_c14018 _d14018 |
||